000 00788aas a2200229 4500
999 _c4608
_d4608
003 BR-BrBNA
005 20230317234235.0
007 ta
008 230119b bl ||||| |||| 00| 0 por d
040 _aBR-BrBNA
_bPor
_cBR-BrBNA
042 _aN
044 _abl
245 _aInforme Agronegocios
_cInstituto Interamericano de Cooperacao para a Agricultura
260 _aBrasilia, Brazil , BR
_bInstituto Interamericano de Cooperacao para a Agricultura
_c2005
_eBDF
270 _aIICA; SHIS QI 03 Lote A Bloco F Centro Empresarial Terracota CEP 71.605-450 - Brasilia, DF (Brazil)/ email: www.iica.org.br
310 _abimensal (duas vezes por mês)
505 _a2005 (0);
653 _aBRASIL
650 1 2 _gAGRICULTURA; AGRIBUSINESS; COMERCIO
909 _a56
_bSergio Santos
_c56
_dSergio Santos
942 _cCR
_2AGRIS